01508 2200469 4500001002100000005001500021035002000036007000300056008004100059020002200100082001500122084001700137100003200154245020600186300004200392650003800434650002400472700003300496700002900529700002900558700002800587700002600615700002400641700002700665264003600692336002100728337003000749338002300779040002200802090002100824090002100845090001900866090001900885850001200904041000800916999002100924505001100945990002100956990002000977990002100997990002001018INLIS00000000084937120191108112625 a0010-0719000372ta190709s2019 yoia g | ind d a978-979-28-3280-804223a371.33 a371.33 AMI p0 aAmin SuprihatiniePengarang10aPegangan guru selalu berhemat energi :bSD/MI kelas IV semester 1 /cAmin Suprihatini, Dian Setyaningsih, Retno Hastuti; penyunting, Uti Damawati; ilustrasi, Daniel W.K., Afgany P., Dewi I., Cinthia D. aiv, 284 halaman :bilustrasi ;c28 cm 4aMengajar--xAlat dan perlengkapan 4aKekuatan dan energi0 aDian SetyaningsihePengarang0 aRetno HastutiePengarang0 aUti DamawatiePenyunting0 aDaniel W.K.eIlustrator0 aAfgany P.eIlustrator0 aDewi I.eIlustrator0 aCinthia D.eIlustrator aBantul :bIntan Pariwara,c2019 2rdacontentateks 2rdamediaatanpa perantara 2rdacarrieravolume aYOPDYOGbinderda aDEP 371.33 AMI p aCB-D.11 2019-868 aK 371.33 AMI p aQ 371.33 AMI p aYOPDYOG0 aind aCB-D.11/2019-868 aTema 2 aCB-D.11/2019-868 a64321-PD/A.2019 aCB-D.11/2019-868 a64321-PD/A.2019